Critical Landscape Planning during the Belt and Road Initiative (Record no. 10470)

MARC details
000 -LEADER
fixed length control field 00645nam a2200121Ia 4500
008 - FIXED-LENGTH DATA ELEMENTS--GENERAL INFORMATION
fixed length control field 220615s9999||||xx |||||||||||||| ||und||
100 ## - MAIN ENTRY--PERSONAL NAME
Personal name Kelly, Ashley Scott||Lu, Xiaoxuan
245 #0 - TITLE STATEMENT
Title Critical Landscape Planning during the Belt and Road Initiative
546 ## - LANGUAGE NOTE
Language note English[eng]
650 ## - SUBJECT ADDED ENTRY--TOPICAL TERM
Topical term or geographic name entry element critical landscape planning||transdisciplinary design||Belt and Road Initiative||landscape ecology||critical cartography||China-Laos Railway||Greater Mekong Subregion||transnational infrastructure||development studies||Golden Triangle||Open Access
856 ## - ELECTRONIC LOCATION AND ACCESS
Uniform Resource Identifier <a href="https://library.oapen.org/bitstream/20.500.12657/51004/1/978-981-16-4067-4.pdf">https://library.oapen.org/bitstream/20.500.12657/51004/1/978-981-16-4067-4.pdf</a>
942 ## - ADDED ENTRY ELEMENTS (KOHA)
Koha item type E-Books
Holdings
Withdrawn status Lost status Damaged status Not for loan Home library Current library Date acquired Total Checkouts Date last seen Price effective from Koha item type
        Kerala University of Digital Sciences, Innovation and Technology Knowledge Centre Kerala University of Digital Sciences, Innovation and Technology Knowledge Centre 15/06/2022   15/06/2022 15/06/2022 E-Books